000 00403nam a2200145Ia 4500
008 220214s9999 xx 000 0 und d
022 _a0191-2917
245 0 _aPLANT DISEASE
247 _aPlant Disease Reporter
260 _bAmerican Phytopathological Society, Minnesota
_aUSA
310 _aM
500 _aEnding Volume & Year: 85, 2001
500 _aStarting Volume & Year: 64, 1980
942 _cBJ
999 _c10183
_d10183